000 00702nam a2200301Ia 4500
005 20260401122452.0
008 008 250103s9999 xx 000 0 eng d
020 _a9781421418032
037 _aTB
040 _aEDL
040 _beng
040 _cEDL
041 _2eng
041 _aeng
084 _a820.91MIC
084 _qEDL
100 _aMichael, Timothy
_91233721
245 0 _aBritish romanticism & the critique of political reason
245 0 _cMichael, Timothy
260 _aBaltimore
260 _bJohns Hopkins University Press
260 _c2016
300 _a283p
942 _cTB
942 _h820.91MIC
999 _c1847484
_d1847484